000 01483nam a2200205Ia 4500
003 Ost
005 20260507075632.0
008 260507s9999||||xx |||||||||||||| ||und||
040 _cfsecg
041 _aara
082 _a657.95
100 _aأبو المكارم، وصفي عبد الفتاح
_eمؤلف
245 0 _aالمحاسبة المالية المتقدمة :
_bالمحاسبة على الإنتاج وإعداد القوائم المالية في الشركات القابضة التابعة /
_c وصفي عبد الفتاح أبو المكارم
260 _aالإسكندرية:
_bالدار الجامعية,
_c1999
300 _a399 صفحة؛
_c24 سم
520 _aالمحاسبة على اندماج الشركات ، الشركات التابعة وإعداد القوائم المالية الموحدة عند السيطرة الكلية على شركة تابعة وفقا لأسلوب الشراء ،الشركات القاضية وإعداد القوائم المالية الموحدة عند السيطرة الجزئية على شركة تابعة وفقا لأسلوب الشراء ،اعداد القوائم المالية الموحدة وفقا لأسلوب اندماج الحقوق ، القوائم المالية الموحدة وكيفية معالجة العمليات المتبادلة بين القابضة والتابعة
653 _aالشركات-إندماج
653 _aالشركات-محاسبة
942 _cكتاب
999 _c45220
_d45220